قصة الراديو / (رقم التسجيلة. 31566)

تفاصيل مارك
000 -LEADER
fixed length control field 00557nam a22001937a 4500
005 - DATE AND TIME OF LATEST TRANSACTION
control field 20251108165810.0
008 - FIXED-LENGTH DATA ELEMENTS--GENERAL INFORMATION
fixed length control field 250721s1974 xx 000 0 ara d
082 14 - DEWEY DECIMAL CLASSIFICATION NUMBER
Classification number ط/621.3841/غود
100 1# - MAIN ENTRY--PERSONAL NAME
Personal name غودال، ف.ج
245 10 - TITLE STATEMENT
Title قصة الراديو /
264 1# - PRODUCTION, PUBLICATION, DISTRIBUTION, MANUFACTURE, AND COPYRIGHT NOTICE
Place of production, publication, distribution, manufacture بيروت :
Name of producer, publisher, distributor, manufacturer مكتبة لبنان،
Date of production, publication, distribution, manufacture, or copyright notice 1974.
300 ## - PHYSICAL DESCRIPTION
Extent 50ص :مص
490 0# - SERIES STATEMENT
Series statement ليديبرد
650 17 - SUBJECT ADDED ENTRY--TOPICAL TERM
Topical term or geographic name as entry element الراديو
653 ## - INDEX TERM--UNCONTROLLED
Uncontrolled term ناشاون صغار (10-14)سنه
700 1# - ADDED ENTRY--PERSONAL NAME
Personal name جويجاتي، سعد الله
Relator term ترجمة
942 ## - ADDED ENTRY ELEMENTS (KOHA)
Source of classification or shelving scheme Dewey Decimal Classification
Koha item type كتب
المقتنيات
حالة السحب حالة الفقدان مصدر التصنيف حالة التلف غير قابل للإعارة المكتبة الرئيسية المكتبة الحالية موقع الرف تاريخ التزويد الرقم المتسلسل Total Checkouts رقم الإستدعاء الباركود تاريخ آخر ظهور تاريخ الفاتورة نوع المادة (كوها)
    Dewey Decimal Classification     مكتبة الحسن العامة مكتبة الحسن العامة الأطفال 08/05/2019 [850]....   ط/621.3841/غود PLD00452688 28/07/2025 08/05/2019 كتب
    Dewey Decimal Classification     مكتبة بدر الجديدة للأطفال مكتبة بدر الجديدة للأطفال الأطفال 21/10/2015 400357   ط/621.3841/غود PLD00358109 28/07/2025 21/10/2015 كتب
Implemented & Customized by: BBB with SCIT (Smart Chains for Information Technology)

Powered by Koha